000 00355nam a2200145Ia 4500
008 221030s9999 xx 000 0 und d
041 _aEnglish
082 _a105.23
100 _aJacob Millman
245 0 _aPulse Digital & Swithching Wave Forms
_cby Jacob Millman, Herbert Taub
260 _c0
650 _aB
700 _aHerbert Taub
942 _cBK
999 _c12040
_d12040